India-Pakistan : (Record no. 14968)

000 -LEADER
fixed length control field 01134cam a2200325 a 4500
001 - CONTROL NUMBER
control field 15885743
005 - DATE AND TIME OF LATEST TRANSACTION
control field 20170105102908.0
008 - FIXED-LENGTH DATA ELEMENTS--GENERAL INFORMATION
fixed length control field 090828s2010 nyua b 001 0 eng
010 ## - LIBRARY OF CONGRESS CONTROL NUMBER
LC control number 2009036125
020 ## - INTERNATIONAL STANDARD BOOK NUMBER
International Standard Book Number 9780230619371 (alk. paper)
020 ## - INTERNATIONAL STANDARD BOOK NUMBER
International Standard Book Number 0230619371 (alk. paper)
035 ## - SYSTEM CONTROL NUMBER
System control number (OCoLC)ocn434745274
040 ## - CATALOGING SOURCE
Original cataloging agency DLC
Transcribing agency DLC
Modifying agency YDX
-- YDXCP
-- CDX
-- BWX
-- IXA
-- DLC
042 ## - AUTHENTICATION CODE
Authentication code pcc
043 ## - GEOGRAPHIC AREA CODE
Geographic area code a-ii---
-- a-pk---
050 00 - LIBRARY OF CONGRESS CALL NUMBER
Classification number JZ1737.A57
Item number P18 2010
082 00 - DEWEY DECIMAL CLASSIFICATION NUMBER
Classification number 327.5405491
Edition number 22
100 1# - MAIN ENTRY--PERSONAL NAME
Personal name Misra, Ashutosh.
245 10 - TITLE STATEMENT
Title India-Pakistan :
Remainder of title coming to terms /
Statement of responsibility, etc. Ashutosh Misra.
260 ## - PUBLICATION, DISTRIBUTION, ETC.
Place of publication, distribution, etc. New York :
Name of publisher, distributor, etc. Palgrave Macmillan,
Date of publication, distribution, etc. 2010.
300 ## - PHYSICAL DESCRIPTION
Extent xvii, 266 p. :
Other physical details ill. ;
Dimensions 22 cm.
490 1# - SERIES STATEMENT
Series statement Palgrave series on Asian governance
504 ## - BIBLIOGRAPHY, ETC. NOTE
Bibliography, etc. note Includes bibliographical references (p. [245]-257) and index.
651 #0 - SUBJECT ADDED ENTRY--GEOGRAPHIC NAME
Geographic name India
General subdivision Relations
Geographic subdivision Pakistan.
651 #0 - SUBJECT ADDED ENTRY--GEOGRAPHIC NAME
Geographic name Pakistan
General subdivision Relations
Geographic subdivision India.
830 #0 - SERIES ADDED ENTRY--UNIFORM TITLE
Uniform title Palgrave series on Asian governance.
906 ## - LOCAL DATA ELEMENT F, LDF (RLIN)
a 7
b cbc
c orignew
d 1
e ecip
f 20
g y-gencatlg
942 ## - ADDED ENTRY ELEMENTS (KOHA)
Source of classification or shelving scheme
Koha item type Book
Holdings
Withdrawn status Lost status Damaged status Not for loan Collection code Permanent Location Current Location Shelving location Date acquired Total Checkouts Full call number Barcode Date last seen Price effective from Koha item type
          Centre for International Peace & Stability (CIPS) Centre for International Peace & Stability (CIPS) General Stacks 10/01/2013   327.5405491 MIS 2010 CIPS0001316 10/24/2013 10/24/2013 Book
© 2023 Central Library, National University of Sciences and Technology. All Rights Reserved.